| 000 | 00524nam a2200181Ia 4500 | ||
|---|---|---|---|
| 001 | 16423 | ||
| 005 | 20260306170308.0 | ||
| 008 | 260306t2022||||xx |||||||||||||| ||und|| | ||
| 041 | _aESP | ||
| 082 |
_a348.6 _bC25 |
||
| 100 |
_aCanchaya Fernández, Gary, _eAUT |
||
| 245 | 0 |
_aHuelga y servicios mínimos : _banálisis de su nueva regulación en la normativa de las relaciones colectivas de trabajo |
|
| 260 | _c2022 | ||
| 300 |
_a238 páginas : _c25 cm. |
||
| 650 | _aGEN | ||
| 654 | _aCDE | ||
| 942 |
_cLIB _dJUS _fJUS _2ddc _n |
||
| 999 |
_c16423 _d16423 |
||